Positioning women and their concerns in governance processes : experiences of district assemblywomen in Ghana (Record no. 88)

MARC details
000 -LEADER
fixed length control field 00517nam a2200169Ia 4500
008 - FIXED-LENGTH DATA ELEMENTS--GENERAL INFORMATION
fixed length control field 240428s9999||||xx |||||||||||||| ||und||
020 ## - INTERNATIONAL STANDARD BOOK NUMBER
International Standard Book Number 9988821247
041 ## - LANGUAGE CODE
Language code of text/sound track or separate title eng
082 ## - DEWEY DECIMAL CLASSIFICATION NUMBER
Classification number 305.4P
100 ## - MAIN ENTRY--PERSONAL NAME
Personal name abantu for Development (ed)
245 #0 - TITLE STATEMENT
Title Positioning women and their concerns in governance processes : experiences of district assemblywomen in Ghana
260 ## - PUBLICATION, DISTRIBUTION, ETC.
Name of publisher, distributor, etc. Abantu
Place of publication, distribution, etc. [Accra] :
300 ## - PHYSICAL DESCRIPTION
Extent vii,113p.:
650 ## - SUBJECT ADDED ENTRY--TOPICAL TERM
Topical term or geographic name entry element District Assembly Women - Ghana - Women in Politics - Ghana
942 ## - ADDED ENTRY ELEMENTS (KOHA)
Koha item type Books
Holdings
Withdrawn status Lost status Damaged status Not for loan Home library Current library Shelving location Date acquired Total checkouts Full call number Date last seen Copy number Price effective from Koha item type
        Main Library Main Library Reference 29/07/2021   305.4P 29/04/2024 1 29/04/2024 Books
©2026  Parliament of Ghana Library - All rights reserved